_Design studies vol 5 Keith D. Kedward (Record no. 14185)
[ view plain ]
| 000 -LEADER | |
|---|---|
| fixed length control field | 00399nam a2200145Ia 4500 |
| 008 - FIXED-LENGTH DATA ELEMENTS--GENERAL INFORMATION | |
| fixed length control field | 151021s9999 xx 000 0 und d |
| 020 ## - INTERNATIONAL STANDARD BOOK NUMBER | |
| International Standard Book Number | 877627037 |
| 050 ## - LIBRARY OF CONGRESS CALL NUMBER | |
| Classification number | NA2750 .D416 1990 |
| 245 ## - TITLE STATEMENT | |
| Title | _Design studies vol 5 Keith D. Kedward |
| 260 ## - PUBLICATION, DISTRIBUTION, ETC. (IMPRINT) | |
| Place of publication, distribution, etc. | Pennysylvania Technomic 1990 |
| 300 ## - PHYSICAL DESCRIPTION | |
| Extent | 244p.;ill |
| 650 ## - SUBJECT ADDED ENTRY--TOPICAL TERM | |
| Topical term or geographic name as entry element | _Design |
| 700 ## - ADDED ENTRY--PERSONAL NAME | |
| Personal name | _James M.Whitney |
| 980 ## - EQUIVALENCE OR CROSS-REFERENCE-SERIES STATEMENT--PERSONAL NAME/TITLE [LOCAL, CANADA] | |
| Personal name | ^d20130614 12:09:15^oanne |
No items available.